Cuba : caminos de Revolución : Che Guevara, donde nunca jamás se lo imaginan /

Zapisane w:
Opis bibliograficzny
1. autor: Galiardo, Juan Luis (producción)
Kolejni autorzy: Vives, Camilo (producción) (producción), Segura, Alberto (producción) (producción), Pérez Paredes, Manuel (realización) (realización), Pérez Paredes, Manuel (guión) (guión), Suárez, Pedro (montaje) (montaje), Alejandro, Edesio (música) (música), Cisneros, Ernesto (música) (música), Wood, Patricio (voz) (voz), Acanda, Julio (conducción) (conducción), Alvarez, Santiago (realización) (realización), Cárdenas, Enrique (fotógrafo) (fotógrafo), Gálvez, Idalberto (montaje) (montaje), Torrado, Norma (montaje) (montaje), Chávez, Rebeca (realización) (realización), Moreno, Adriano (fotógrafo) (fotógrafo), Cambre, Gladys (montaje) (montaje), Manuel Eugenio (música) (música), Chaskel, Pedro (realización) (realización), Riera, José (fotógrafo) (fotógrafo), Villalón, Caíta (montaje) (montaje), Blanco, Juan (música) (música), Márquez, Juan (música) (música), Pérez Paredes, Manuel (texto del folleto) (texto del folleto)
Format: Diapozytyw
Język:hiszpański
Wydane: La Habana, Cuba : Madrid, España : La Laguna, España : Instituto Cubano del Arte e Industria Cinematográficos ; Gran Vía Musical ; Impulso Records, 1967-2004
Seria:(Cuba: Caminos de Revolución ; 1)
Hasła przedmiotowe:
Etykiety: Dodaj etykietę
Nie ma etykietki, Dołącz pierwszą etykiete!

MARC

LEADER 00000ngm^a2200000^a^4500
001 000189541
005 20251020000000.0
009 20260310102418.678
037 |a Acervo ITESO - Biblioteca 
041 |a ESP 
082 |a 320. 97291064  |b GAL V. 1 
100 |a Galiardo, Juan Luis  |e (producción) 
240 1 1 |a [Cuba: caminos de Revolución] 
245 1 0 |a Cuba :  |b caminos de Revolución : Che Guevara, donde nunca jamás se lo imaginan /  |c Prod. de J.L. Galiardo, C. Vives, A. Segura ; realización de M. Pérez Paredes. 
264 1 |a La Habana, Cuba :  |b Instituto Cubano del Arte e Industria Cinematográficos ;  |a Madrid, España :  |b Gran Vía Musical ;  |a La Laguna, España :  |b Impulso Records,  |c 1967-2004 
264 2 |a México :  |b La Jornada [distribución],  |c fecha no identificada 
300 |a 1 DVD multirregión (55, 19, 28, 32, 13 min.) :  |b blanco y negro, color +  |e 1 díptico 
336 |a imagen móvil bidimensional  |b tdi  |2 rdacontenido 
337 |a video  |b v  |2 rdamedio 
338 |a videodisco  |b vd  |2 rdasoporte 
440 1 |a (Cuba: Caminos de Revolución ;  |v 1) 
649 |a XX 
650 |a Revolucionarios Argentinos -  |x Fotografías -  |x Historia y Crítica 
650 |a Políticos Argentinos -  |x Fotografías -  |x Historia y Crítica 
650 |a Militares Cubanos 
650 |a Fotógrafos Cubanos 
650 |a Cineastas Chilenos 
650 |a Documentales 
650 |a Cortometrajes y Mediometrajes Cubanos 
650 |a Cine de Mujeres -  |z Cuba 
650 |a Cine en Blanco y Negro -  |z Cuba 
650 |a Cine Cubano -  |y 1960-1969 
650 |a Cine Cubano -  |y 1980-1989 
650 |a Cine Cubano -  |y Siglo XX 
650 |a Cine Cubano -  |y 2000-2009 
650 |a Cine Cubano -  |y Siglo XXI 
650 |a Fotografía Cubana -  |x Historia y Crítica 
650 |a Comunicación y Política -  |z Cuba -  |x Historia -  |y 1959-1990 
650 |a Guerrilla -  |z Bolivia -  |x Historia -  |y 1966-1969 
650 |a Política -  |z Bolivia -  |x Historia -  |y 1966-1969 
650 |a Política -  |z Bolivia -  |x Historia -  |y Siglo XX 
650 |a Política -  |z Cuba -  |x Historia -  |y 1959-1990 
650 |a Política -  |z Cuba -  |x Historia -  |y 1959-2006 
650 |a Política -  |z Cuba -  |x Historia -  |y Siglo XX 
650 |a Política -  |z Latinoamérica -  |x Historia -  |y Siglo XX 
650 |a Che Guevara -  |x Tema Principal 
600 |a Benigno 
600 |a Korda, Alberto 
600 |a Tamayo, Leonardo 
600 |a Villegas, Harry 
740 0 |a Che Guevara, donde nunca jamás se lo imaginan /  |c Realización de M. Pérez Paredes. 
740 0 |a Hasta la victoria siempre /  |c Realización de S. Alvarez. 
740 0 |a Entre leyendas /  |c Realización de R. Chávez. 
740 0 |a Octubre del 67 /  |c Realización de R. Chávez. 
740 4 |a Una foto recorre el mundo /  |c Realización de P. Chaskel. 
740 0 |a "Che Guevara, donde nunca jamás se lo imaginan" /  |c Texto del díptico de M. Pérez Paredes. 
700 |a Vives, Camilo  |e (producción) 
700 |a Segura, Alberto  |e (producción) 
700 |a Pérez Paredes, Manuel  |e (realización) 
700 |a Pérez Paredes, Manuel  |e (guión) 
700 |a Suárez, Pedro  |e (montaje) 
700 |a Alejandro, Edesio  |e (música) 
700 |a Cisneros, Ernesto  |e (música) 
700 |a Wood, Patricio  |e (voz) 
700 |a Acanda, Julio  |e (conducción) 
700 |a Alvarez, Santiago  |e (realización) 
700 |a Cárdenas, Enrique  |e (fotógrafo) 
700 |a Gálvez, Idalberto  |e (montaje) 
700 |a Torrado, Norma  |e (montaje) 
700 |a Chávez, Rebeca  |e (realización) 
700 |a Moreno, Adriano  |e (fotógrafo) 
700 |a Cambre, Gladys  |e (montaje) 
700 |a Manuel Eugenio  |e (música) 
700 |a Chaskel, Pedro  |e (realización) 
700 |a Riera, José  |e (fotógrafo) 
700 |a Villalón, Caíta  |e (montaje) 
700 |a Blanco, Juan  |e (música) 
700 |a Márquez, Juan  |e (música) 
700 |a Pérez Paredes, Manuel  |e (texto del folleto) 
910 |a Fondo General 
920 |a Audiovisuales - DVDs 
940 |a Películas 
905 |a 302 
901 |a 0500129158  |b IT2  |c DVS  |u 20250521 
901 |a 0500129208  |b IT2  |c MIN  |u 20251020 
902 |a https://opac.biblio.iteso.mx/vufind/Record/000189541